Los delitos de extorsión y sicariato como modalidades de la criminalidad organizada (Registro nro. 22205)

Detalles MARC
000 -Cabecera
Campo de control interno 01509nam a22002657a 4500
005 - Fecha y hora del registro
control field 20260409135942.0
008 - Elementos de Longitud Fija
fixed length control field 260408b |||||||| |||| 00| 0 spa d
020 ## - ISBN
ISBN 9786123226633
041 ## - Idioma
Codigo Idioma ESP
082 ## - DEWEY y NOTACIÓN INTERNA
Dewey 344.525
Notación Interna D53
100 ## - AUTOR
Autor denominación Delgado Castro, César A.
Término de relación autor
245 ## - TÍTULO DE MATERIAL BIBLIOGRÁFICO
Título Los delitos de extorsión y sicariato como modalidades de la criminalidad organizada
250 ## - EDICIÓN
Edición Primera edición
260 ## - CIUDAD, EDITORIAL, AÑO
Ciudad Lima :
Nombre de la Editorial Instituto Pacífico,
Año 2026
300 ## - DESCRIPCIÓN
N° Páginas 526 páginas :
Dimensiones 25 cm.
440 ## - MENCIÓN DE SERIE
Título de la Serie ;
650 ## - TEMAS
Temas Ciencias Sociales
653 ## - DESCRIPTORES
Lenguajes no controlado Derecho; Derecho penal; Delitos; Extorsión
654 ## - PROGRAMAS
Programa Dpto. de Derecho y Ciencia Política
700 ## - OTROS AUTORES
Otros autores ;
856 ## - URL - UBICACIÓN
URI/URL: Enlace exacto del recurso <a href="https://0u21bvs71-y-https-palestra-tirantonline-com.itmsp.museknowledge.com/base/per/biblioteca_virtual/9788411305198?general=c%C3%B3digo+penal+extorsi%C3%B3n&index=1&navigate_url=%2Fbase%2Fper%2Fbibliotecavirtual%2Fsearches%2Fnavigate%3Ftoken_id%3D69d7f32dfa1b15000e58d3d0&next_index=2&num_found=838&pais=per&prev_index=0&route=ser&search_type=bibliotecavirtual&search_url=%2Fbase%2Fper%2Fbibliotecavirtual%2Fsearches%3Findex%3D1%26token_id%3D69d7f32dfa1b15000e58d3d0&token_id=69d7f32dfa1b15000e58d3d0&tolgeo=latam">https://0u21bvs71-y-https-palestra-tirantonline-com.itmsp.museknowledge.com/base/per/biblioteca_virtual/9788411305198?general=c%C3%B3digo+penal+extorsi%C3%B3n&index=1&navigate_url=%2Fbase%2Fper%2Fbibliotecavirtual%2Fsearches%2Fnavigate%3Ftoken_id%3D69d7f32dfa1b15000e58d3d0&next_index=2&num_found=838&pais=per&prev_index=0&route=ser&search_type=bibliotecavirtual&search_url=%2Fbase%2Fper%2Fbibliotecavirtual%2Fsearches%3Findex%3D1%26token_id%3D69d7f32dfa1b15000e58d3d0&token_id=69d7f32dfa1b15000e58d3d0&tolgeo=latam</a>
Nota pública: Versión digital <a href="Véase además: Código penal y de procedimiento penal, por Geovana Andrea Vallejo Jiménez y César Alejandro Osorio Moreno, Versión digital">Véase además: Código penal y de procedimiento penal, por Geovana Andrea Vallejo Jiménez y César Alejandro Osorio Moreno, Versión digital</a>
856 ## - URL - UBICACIÓN
URI/URL: Enlace exacto del recurso <a href="https://itmsp.museknowledge.com/UCSP?groupID=2&action=source&sourceID=TirantPalestra_IP">https://itmsp.museknowledge.com/UCSP?groupID=2&action=source&sourceID=TirantPalestra_IP</a>
Nota pública: Versión digital <a href="Véase además: Base de datos Tirant Palestra">Véase además: Base de datos Tirant Palestra</a>
942 ## - ELEMENTOS DE KOHA
Tipo de documento Libro
Nombre del creador Justo Noguera
Código de catalogador Justo Noguera
Suppress in OPAC No
Esquema de clasificación Dewey Decimal Classification
Existencias
Codigo completo Registro Colección Copia número Disponibilidad Tipo de préstamo Biblioteca Actual Procedencia (Biblioteca) Ubicacón Fecha Ingreso Tipo de Adquisición Observación Date last seen Total checkouts Price effective from Tipo de Item Estado del Material Fuente de Clasificación Damaged status Withdrawn status
344.525 D53 1088262 Universidad Católica San Pablo 1 No disponible Proceso Víctor Andrés Belaunde Víctor Andrés Belaunde Primer piso 08/04/2026 Suscripción Derecho 08/04/2026   08/04/2026 Libro Bueno Dewey Decimal Classification   Withdrawn